<?xml version="1.0" encoding="UTF-8"?>
<collection xmlns="http://www.loc.gov/MARC21/slim">
 <record>
  <leader>01458nam a2200277 a 4500</leader>
  <controlfield tag="001">1/48615</controlfield>
  <controlfield tag="008">190409s19701969gr ae    bi   00110 gre  </controlfield>
  <datafield tag="035" ind1=" " ind2=" ">
   <subfield code="l">51613</subfield>
  </datafield>
  <datafield tag="040" ind1=" " ind2=" ">
   <subfield code="a">GR-PeUP</subfield>
  </datafield>
  <datafield tag="082" ind1="0" ind2="0">
   <subfield code="a">708 ΜΜΚ</subfield>
  </datafield>
  <datafield tag="100" ind1="1" ind2=" ">
   <subfield code="a">Salvini, Roberto,</subfield>
   <subfield code="d">1912-1985.</subfield>
  </datafield>
  <datafield tag="245" ind1="1" ind2="0">
   <subfield code="a">Μόναχο :</subfield>
   <subfield code="b">πινακοθήκη /</subfield>
   <subfield code="c">[κείμενα των Roberto Salvini... [κ.ά.]] ; [ελληνική μετάφραση Γεωργίου Λεωτσάκου] ; [επιμέλεια Γιώργου Γεραλή].</subfield>
  </datafield>
  <datafield tag="260" ind1="0" ind2=" ">
   <subfield code="a">Milano ; Αθήναι</subfield>
   <subfield code="b">Mondadori ; Φυτράκης,</subfield>
   <subfield code="c">c1969 ; [1970].</subfield>
  </datafield>
  <datafield tag="300" ind1=" " ind2=" ">
   <subfield code="a">207 σ. :</subfield>
   <subfield code="b">έγχρ. εικ., πίν.</subfield>
   <subfield code="c">29 εκ.</subfield>
  </datafield>
  <datafield tag="490" ind1="1" ind2=" ">
   <subfield code="a">Τα μεγάλα μουσεία του κόσμου ;</subfield>
  </datafield>
  <datafield tag="500" ind1=" " ind2=" ">
   <subfield code="a">Ευρετηριο: σ. [210]-[211].</subfield>
  </datafield>
  <datafield tag="504" ind1=" " ind2=" ">
   <subfield code="a">Βιβλιογραφία: σ. 168.</subfield>
  </datafield>
  <datafield tag="610" ind1="2" ind2="0">
   <subfield code="a">Arte Pinakothek (Μόναχο, Γερμανία).</subfield>
  </datafield>
  <datafield tag="650" ind1=" " ind2="4">
   <subfield code="a">Art museums</subfield>
   <subfield code="z">Germany</subfield>
   <subfield code="z">Munich.</subfield>
  </datafield>
  <datafield tag="650" ind1=" " ind2="4">
   <subfield code="a">Museums</subfield>
   <subfield code="z">Germany</subfield>
   <subfield code="z">Munich.</subfield>
  </datafield>
  <datafield tag="650" ind1=" " ind2="4">
   <subfield code="a">Μουσεία</subfield>
   <subfield code="z">Γερμανία</subfield>
   <subfield code="z">Μόναχο.</subfield>
  </datafield>
  <datafield tag="650" ind1=" " ind2="4">
   <subfield code="a">Τέχνη</subfield>
   <subfield code="x">Μουσεία και Πινακοθήκες</subfield>
   <subfield code="z">Γερμανία</subfield>
   <subfield code="z">Μόναχο.</subfield>
  </datafield>
  <datafield tag="700" ind1="1" ind2=" ">
   <subfield code="a">Λεωτσάκος, Γιώργος Σ.,</subfield>
   <subfield code="d">1935-</subfield>
  </datafield>
  <datafield tag="700" ind1="1" ind2=" ">
   <subfield code="a">Γεραλής, Γιώργος,</subfield>
   <subfield code="d">1917-1996.</subfield>
  </datafield>
  <datafield tag="830" ind1=" " ind2=" ">
   <subfield code="a">Τα μεγάλα μουσεία του κόσμου.</subfield>
  </datafield>
  <datafield tag="852" ind1=" " ind2=" ">
   <subfield code="a">INST</subfield>
   <subfield code="b">UNIPILB</subfield>
   <subfield code="c">MAIN</subfield>
   <subfield code="e">20190410</subfield>
   <subfield code="h">708 ΜΜΚ</subfield>
   <subfield code="p">00181125</subfield>
   <subfield code="q">00181125</subfield>
   <subfield code="t">LOAN</subfield>
   <subfield code="y">0</subfield>
   <subfield code="4">1</subfield>
  </datafield>
 </record>
</collection>
